[Event "Reykjavik"]
[Site "?"]
[Date "1991.??.??"]
[Round "?"]
[White "Karpov, An"]
[Black "Nikolic, Pr"]
[Result "1/2-1/2"]
[WhiteElo "2730"]
[BlackElo "2625"]
[PlyCount "74"]
[EventDate "1991.??.??"]
[Source "ChessBase"]
[SourceDate "1991.06.01"]

1. d4 f5 2. g3 Nf6 3. Bg2 e6 4. Nh3 Be7 5. O-O O-O 6. c4 d6 7. Qb3 c6 8. Nc3 Na6 9. Ng5 e5 10. Rd1 Qe8 11. d5 h6 12. Nf3 Nc5 13. Qa3 cxd5 14. Nxd5 Nxd5 15. cxd5 Qa4 16. b3 Qxa3 17. Bxa3 e4 18. Nd4 Bd7 19. e3 Rac8 20. Bf1 a6 21. Rac1 Kf7 22. Be2 Bf6 23. Rc3 Ke7 24. Rdc1 g6 25. R1c2 Be5 26. h3 g5 27. Kg2 Rh8 28. Rc1 Rhf8 29. R3c2 Nd3 30. Bxd3 exd3 31. Rxc8 Rxc8 32. Rd1 Bxd4 33. exd4 Be8 34. Rxd3 Bf7 35. Kf1 Rc2 36. Re3+ Kd7 37. Re2 Rxe2 1/2-1/2

[Event "Pamplona9697"]
[Site "Pamplona"]
[Date "1996.??.??"]
[Round "6"]
[White "Azmaiparashvili, Zurab"]
[Black "Ponomariov, Ruslan"]
[Result "1-0"]
[WhiteElo "2670"]
[BlackElo "2550"]
[PlyCount "85"]
[EventDate "1996.12.??"]
[Source "ChessBase"]
[SourceDate "1997.04.10"]

1. d4 f5 2. g3 Nf6 3. Bg2 e6 4. Nh3 Be7 5. O-O O-O 6. Nf4 d6 7. c3 Nc6 8. Qb3 Na5 9. Qa4 c5 10. dxc5 Bd7 11. Qc2 dxc5 12. Rd1 Qc7 13. Na3 Rad8 14. b4 cxb4 15. cxb4 Qxc2 16. Nxc2 Nc4 17. Bxb7 Ba4 18. Rxd8 Rxd8 19. Ne3 Nxe3 20. Bxe3 e5 21. Nd3 e4 22. Ne5 Bxb4 23. Bc6 Rd1+ 24. Rxd1 Bxd1 25. Bb5 Ng4 26. Nxg4 fxg4 27. Bxa7 Kf7 28. Bb6 Ba3 29. Kf1 Bc2 30. Ba5 Ke6 31. Bc4+ Kf5 32. Ke1 Bc1 33. Bb5 Ba3 34. Kd2 Bb1 35. Bc4 g5 36. Bb6 e3+ 37. Bxe3 Bb4+ 38. Kc1 Be4 39. Kb2 h6 40. Kb3 Ba5 41. Bd3 Ke5 42. Bxe4 Kxe4 43. Kc4 1-0

[Event "Tashkent"]
[Site "?"]
[Date "1987.??.??"]
[Round "?"]
[White "Vladimirov, E."]
[Black "Ceshkovsky"]
[Result "0-1"]
[WhiteElo "2525"]
[BlackElo "2485"]
[PlyCount "136"]
[EventDate "1987.??.??"]
[Source "www.chesslib.no"]
[SourceDate "2004.05.04"]

1. d4 f5 2. g3 Nf6 3. Bg2 e6 4. Nh3 Be7 5. O-O O-O 6. c4 d6 7. Nc3 e5 8. dxe5 dxe5 9. Qxd8 Bxd8 10. b3 c6 11. e4 Nxe4 12. Nxe4 fxe4 13. Ng5 Bxg5 14. Bxg5 Bf5 15. Rfe1 Nd7 16. Bxe4 Nc5 17. Bg2 Nd3 18. Re2 Rae8 19. f3 Bg6 20. Rd2 e4 21. fxe4 Nc5 22. e5 Rxe5 23. Bf4 Re6 24. Rad1 Rfe8 25. Rd8 Bh5 26. Bh3 Re4 27. Rxe8+ Rxe8 28. Rd2 g5 29. Bc7 Re1+ 30. Kf2 Re7 31. Rd8+ Kf7 32. Bb8 Re2+ 33. Kf1 Rxa2 34. Bc8 Bf3 35. Bf5 h5 36. h4 gxh4 37. gxh4 Bg4 38. Bh7 Nxb3 39. Bf4 Ke6 40. Bg5 Ke5 41. Bh6 a5 42. Bg7+ Ke6 43. Bg8+ Ke7 44. Rb8 Nd2+ 45. Ke1 Ne4 46. Rxb7+ Kd8 47. Bb2 Nc5 48. Rb8+ Kc7 49. Be5+ Kd7 50. Kf1 Bh3+ 51. Kg1 Rg2+ 52. Kh1 Re2 53. Bd4 Nd3 54. c5 Bf5 55. Kg1 Re4 56. Bf6 Nxc5 57. Bf7 Bg6 58. Bxg6 Rg4+ 59. Kf2 Rxg6 60. Bd4 Ne4+ 61. Ke3 Nd6 62. Rh8 Nf5+ 63. Ke4 Rg4+ 64. Kf3 Rxd4 65. Ra8 Rd5 66. Ke4 Kc7 67. Rh8 Kb7 68. Rh7+ Kb6 0-1

[Event "26. Open"]
[Site "?"]
[Date "2003.07.13"]
[Round "9"]
[White "Grigore George-Gabriel"]
[Black "Moskalenko Viktor"]
[Result "1/2-1/2"]
[WhiteElo "2488"]
[BlackElo "2520"]
[PlyCount "26"]
[EventDate "2003.??.??"]
[Source "www.chesslib.no"]
[SourceDate "2004.05.04"]

1. d4 f5 2. g3 Nf6 3. Bg2 e6 4. Nh3 c5 5. c4 cxd4 6. Qxd4 Nc6 7. Qd1 b6 8. O-O Bb7 9. Nc3 Bb4 10. Nb5 a6 11. Nd6+ Bxd6 12. Qxd6 Na5 13. b3 Bxg2 1/2-1/2

[Event "Katowice Open"]
[Site "Katowice POL"]
[Date "1991.??.??"]
[Round "3"]
[White "Malaniuk, Vladimir P"]
[Black "Korsunsky, Yuri"]
[Result "1-0"]
[WhiteElo "2500"]
[BlackElo "2465"]
[PlyCount "99"]
[EventDate "1991.??.??"]
[Source "www.chesslib.no"]
[SourceDate "2004.05.04"]

1. d4 f5 2. g3 Nf6 3. Bg2 e6 4. Nh3 d6 5. Nc3 Be7 6. e4 e5 7. dxe5 dxe5 8. Qxd8+ Bxd8 9. exf5 Nc6 10. Be3 Bxf5 11. O-O-O O-O 12. Ng5 Be7 13. h3 Rad8 14. g4 Bc8 15. Nb5 Bd6 16. c4 a6 17. Nxd6 Rxd6 18. Rxd6 cxd6 19. Rd1 h6 20. Ne4 Nxe4 21. Bxe4 Be6 22. b3 Rd8 23. f4 exf4 24. Bxf4 Rf8 25. Bxd6 Rf7 26. Rd2 Rf1+ 27. Kb2 Kf7 28. Bg2 Re1 29. Bg3 Re3 30. Bf2 Re5 31. Kc3 a5 32. a3 h5 33. Bf3 hxg4 34. hxg4 Rg5 35. Be3 Re5 36. Rd3 Bc8 37. b4 axb4+ 38. axb4 Re8 39. Bf4 g5 40. Bg3 Ne5 41. Bxe5 Rxe5 42. Kd4 Kf6 43. Be4 Bxg4 44. Bxb7 Be2 45. Ra3 Re8 46. b5 g4 47. Bd5 Rb8 48. Ra2 Bd1 49. Rd2 Ba4 50. Kc5 1-0

[Event "Bled/Rogaska Slatina"]
[Site "Bled"]
[Date "1991.??.??"]
[Round "12"]
[White "Gostisa, Leon"]
[Black "Hansen, Lars Bo"]
[Result "0-1"]
[WhiteElo "2440"]
[BlackElo "2525"]
[PlyCount "68"]
[EventDate "1991.06.??"]
[Source "ChessBase"]

1. d4 f5 2. g3 Nf6 3. Bg2 e6 4. Nh3 Be7 5. O-O O-O 6. b3 a5 7. Nd2 a4 8. bxa4 d5 9. c4 Nc6 10. Bb2 Bb4 11. cxd5 exd5 12. Nf4 Bxd2 13. Qxd2 Na5 14. Qc2 c6 15. Nd3 Nc4 16. Bc3 Re8 17. Rfd1 Ne4 18. Bb4 Qf6 19. e3 h5 20. Qe2 Qh6 21. h4 Rxa4 22. a3 g5 23. Qf3 gxh4 24. gxh4 Kh7 25. Bh3 f4 26. Bxc8 Rxc8 27. Nxf4 Rg8+ 28. Kh1 Rg4 29. Ng2 Qg6 30. Rg1 Ra8 31. Be1 Ncd2 32. Bxd2 Nxd2 33. Qh3 Rg8 34. Kh2 Qe4 0-1

[Event "Esbjerg"]
[Site "Esbjerg"]
[Date "1988.??.??"]
[Round "?"]
[White "Adorjan, Andras"]
[Black "Kristiansen, Jens"]
[Result "1-0"]
[WhiteElo "2520"]
[BlackElo "2415"]
[PlyCount "57"]
[EventDate "1988.07.??"]
[Source "ChessBase"]

1. d4 f5 2. g3 Nf6 3. Bg2 e6 4. Nh3 Be7 5. b3 O-O 6. Bb2 d6 7. Nd2 Qe8 8. Nf4 Nc6 9. d5 Nxd5 10. Nxd5 exd5 11. Bxd5+ Kh8 12. Nf3 Bf6 13. Bxf6 Rxf6 14. Qd2 Ne7 15. Qe3 Qd7 16. O-O-O Nxd5 17. Rxd5 b6 18. Rhd1 Bb7 19. Re5 Qd8 20. Qc3 Qf8 21. Re3 c5 22. Qc4 f4 23. gxf4 d5 24. Qd3 d4 25. Ng5 Rg6 26. Nxh7 Qd6 27. Ng5 Rf8 28. Re6 Qxf4+ 29. e3 1-0

[Event "Novi Sad olm  TUN-NOR"]
[Site "Novi Sad"]
[Date "1990.??.??"]
[Round "11"]
[White "Kaabi, M."]
[Black "Agdestein, S."]
[Result "0-1"]
[WhiteElo "2330"]
[BlackElo "2600"]
[PlyCount "121"]
[EventDate "1990.??.??"]
[Source "www.chesslib.no"]
[SourceDate "2004.05.04"]

1. d4 f5 2. g3 Nf6 3. Bg2 e6 4. Nh3 Be7 5. O-O O-O 6. Nd2 d5 7. c4 Nc6 8. e3 b6 9. Nf4 Qd7 10. b3 Ba6 11. Bb2 Rad8 12. Rc1 Na5 13. Nf3 Bd6 14. Ne5 Qe8 15. Nfd3 c5 16. Re1 dxc4 17. Nxc4 Nxc4 18. bxc4 h5 19. h4 Ne4 20. Rc2 Bb7 21. Bf3 g6 22. Qe2 Rf7 23. dxc5 bxc5 24. Nf4 Rfd7 25. Rec1 Bc7 26. Qe1 Kh7 27. Nh3 Kh6 28. Nf4 Bc6 29. Bxe4 fxe4 30. Bf6 Rb8 31. Nh3 e5 32. Bg5+ Kg7 33. Rb1 Qe6 34. Kh2 Rf8 35. Ng1 Rdf7 36. Kg2 Ba4 37. Rcc1 Qa6 38. Rb2 Ba5 39. Qe2 Qd6 40. a3 Qd3 41. Nh3 Rd7 42. Ng1 Rff7 43. Rcb1 Bb6 44. g4 Bd1 45. Qxd3 Rxd3 46. gxh5 Bxh5 47. Ra1 Rc3 48. a4 Ba5 49. Rb5 Bb4 50. Ra2 Bd1 51. a5 Bb3 52. Rb2 Bxc4 53. Rb8 Bxa5 54. Bd8 Bb4 55. Nh3 Rd7 56. Ng5 Rcd3 57. Rc2 Bb3 58. Rb2 Bc4 59. Rc2 Bb3 60. Rb2 Bd5 61. Rc8 0-1

[Event "Tastrup"]
[Site "Tastrup"]
[Date "1990.??.??"]
[Round "6"]
[White "Farago, Ivan"]
[Black "Kristiansen, Jens"]
[Result "1-0"]
[WhiteElo "2475"]
[BlackElo "2445"]
[PlyCount "71"]
[EventDate "1990.02.??"]
[Source "ChessBase"]

1. d4 f5 2. g3 Nf6 3. Bg2 e6 4. Nh3 Be7 5. O-O O-O 6. b3 d6 7. Bb2 Qe8 8. Nd2 Nc6 9. Nf4 e5 10. Nd5 Nxd5 11. Bxd5+ Kh8 12. dxe5 Nxe5 13. e3 Bf6 14. c4 Nf3+ 15. Nxf3 Bxb2 16. Rb1 Bf6 17. Nd4 c6 18. Bg2 a5 19. Qd3 g6 20. Rfd1 Qe7 21. a3 Qf7 22. b4 axb4 23. axb4 Be6 24. Nxe6 Qxe6 25. b5 Rac8 26. bxc6 bxc6 27. Rb6 Qe8 28. Qa3 Be5 29. f4 Bg7 30. Rxd6 Ra8 31. Qd3 Ra1+ 32. Bf1 c5 33. Rb7 Rg8 34. Rdd7 Qe6 35. Rxg7 Rxg7 36. Qc3 1-0

[Event "ClassM.054"]
[Site "IECG email"]
[Date "1998.??.??"]
[Round "?"]
[White "Verdier, Patrice"]
[Black "Bruckmayr, Friedrich"]
[Result "1/2-1/2"]
[WhiteElo "2410"]
[BlackElo "2505"]
[PlyCount "69"]
[EventDate "1998.??.??"]
[Source "www.chesslib.no"]
[SourceDate "2004.05.04"]

1. d4 f5 2. g3 Nf6 3. Bg2 e6 4. Nh3 Be7 5. O-O O-O 6. Nf4 d5 7. Nd2 c5 8. c3 Nc6 9. Nf3 b6 10. Nd3 c4 11. Nde5 Bb7 12. Nxc6 Bxc6 13. Ne5 Be8 14. b3 b5 15. bxc4 bxc4 16. Rb1 Qa5 17. Qc2 Ba4 18. Qb2 Ne4 19. Bxe4 fxe4 20. Bf4 Rad8 21. Qd2 Rf5 22. Rb7 Bd6 23. f3 Qa6 24. Rbb1 exf3 25. exf3 Rdf8 26. Qe2 Be8 27. Nd3 Bxf4 28. Nxf4 Rxf4 29. gxf4 Bg6 30. Rbe1 Bd3 31. Qxe6+ Qxe6 32. Rxe6 Bxf1 33. Kxf1 Rxf4 34. Kf2 Rf6 35. Re5 1/2-1/2

[Event "GER-ch"]
[Site "Bremen"]
[Date "1998.11.08"]
[Round "3"]
[White "Glienke, Manfred"]
[Black "Keitlinghaus, Ludger"]
[Result "1-0"]
[WhiteElo "2395"]
[BlackElo "2485"]
[PlyCount "83"]
[EventDate "1998.11.06"]
[Source "ChessBase"]
[SourceDate "1999.02.01"]

1. d4 f5 2. g3 Nf6 3. Bg2 e6 4. Nh3 g6 5. Nf4 Bg7 6. h4 O-O 7. c3 Nc6 8. Nd2 d5 9. h5 g5 10. h6 gxf4 11. hxg7 Rf7 12. gxf4 Rxg7 13. Bf1 Bd7 14. Nf3 Be8 15. Ng5 Qe7 16. Qd3 Nd8 17. Qh3 Bb5 18. b3 Nf7 19. a4 Ba6 20. f3 c5 21. Ba3 b6 22. Qh4 Nxg5 23. fxg5 Nd7 24. f4 Nf8 25. Qf2 Rc8 26. b4 cxb4 27. Bxb4 Qc7 28. a5 Bb5 29. e3 Bxf1 30. Qxf1 Nd7 31. Rh6 Nb8 32. Rxe6 Nc6 33. axb6 Qd7 34. Rxc6 Qxc6 35. bxa7 Ra8 36. Bc5 Qe6 37. Kf2 Rb7 38. Rb1 Rbxa7 39. Bxa7 Rxa7 40. Rb8+ Kg7 41. Qb1 Qf7 42. Qb6 1-0

[Event "TCh-SCG"]
[Site "Petrovac"]
[Date "2004.05.22"]
[Round "7"]
[White "Jeremic, Veljko"]
[Black "Dujkovic, Sinisa"]
[Result "1-0"]
[WhiteElo "2490"]
[BlackElo "2386"]
[PlyCount "83"]
[EventDate "2004.05.16"]
[Source "Roberto Alvarez"]
[SourceDate "2004.05.24"]

1. d4 f5 2. g3 Nf6 3. Bg2 e6 4. Nh3 c6 5. O-O Be7 6. Nd2 O-O 7. e4 Nxe4 8. Nxe4 fxe4 9. Bxe4 Bf6 10. Qd3 g6 11. Bh6 Bg7 12. Bxg7 Kxg7 13. Bg2 d6 14. Rae1 Na6 15. Qd2 Bd7 16. Re4 Nc7 17. Rh4 h5 18. Re4 a5 19. Rfe1 Qf6 20. Nf4 h4 21. Bh3 hxg3 22. fxg3 Rae8 23. Nxg6 Kxg6 24. Rg4+ Kh7 25. Qd3+ Kh8 26. Rh4+ Qxh4 27. gxh4 Nd5 28. Rf1 Nf4 29. Qe3 Nxh3+ 30. Qxh3 Rg8+ 31. Kf2 Rg7 32. Qe3 e5 33. Qh6+ Kg8 34. Ke1 Bh3 35. Rf6 exd4+ 36. Kd2 c5 37. Rg6 Ree7 38. Rxg7+ Rxg7 39. Qxd6 c4 40. Qd5+ Kh7 41. Qxc4 Rg2+ 42. Ke1 1-0

[Event "NOR Ch"]
[Site "Norway"]
[Date "1995.??.??"]
[Round "6"]
[White "Djurhuus, Rune"]
[Black "Bern, Ivar"]
[Result "1/2-1/2"]
[WhiteElo "2495"]
[BlackElo "2360"]
[PlyCount "106"]
[EventDate "1995.??.??"]
[Source "www.chesslib.no"]
[SourceDate "2004.05.04"]

1. d4 f5 2. g3 Nf6 3. Bg2 e6 4. Nh3 d5 5. O-O Bd6 6. Bf4 Be7 7. Nd2 h6 8. f3 O-O 9. c3 c5 10. Be3 b6 11. Nf4 Qe8 12. Nd3 Nbd7 13. Kh1 Bb7 14. b4 cxd4 15. cxd4 g5 16. Qb3 Bd6 17. Bf2 f4 18. gxf4 gxf4 19. Bh3 Kh8 20. Rg1 Qf7 21. Rac1 Rae8 22. Qb2 Bb8 23. Ne5 Nxe5 24. dxe5 Nd7 25. Bd4 Rg8 26. Nb3 Rg5 27. Rxg5 hxg5 28. Bc3 d4 29. Nxd4 Bd5 30. Rg1 Qg7 31. Nb5 Bxe5 32. Bxe5 Nxe5 33. Nc7 Qxc7 34. Rxg5 Rc8 35. Rxe5 Qc1+ 36. Qxc1 Rxc1+ 37. Kg2 Rc6 38. Rg5 Bxa2 39. Rg4 Rc2 40. Kf2 Bc4 41. Bf1 e5 42. Rg5 a5 43. bxa5 bxa5 44. Rxe5 a4 45. Ra5 Ra2 46. Rc5 Rc2 47. Ra5 Ra2 48. Rc5 Bg8 49. Bh3 Ra1 50. Rc6 a3 51. Be6 a2 52. Rc8 Rf1+ 53. Kxf1 a1=Q+ 1/2-1/2

[Event "Lewkowitz Memorial A"]
[Site "Lewkowitz Memorial A"]
[Date "1994.??.??"]
[Round "?"]
[White "Berdichesky, Ruben"]
[Black "Handel, Horst"]
[Result "1-0"]
[WhiteElo "2465"]
[BlackElo "2390"]
[PlyCount "31"]
[EventDate "1994.??.??"]
[Source "www.chesslib.no"]
[SourceDate "2004.05.04"]

1. d4 f5 2. g3 Nf6 3. Bg2 e6 4. Nh3 Be7 5. O-O d5 6. Bg5 O-O 7. Nd2 c5 8. dxc5 Bxc5 9. c4 dxc4 10. Rc1 h6 11. Bxf6 Qxf6 12. Nxc4 Nc6 13. Nf4 Rd8 14. Qa4 Nd4 15. e3 Bd7 16. Qa5 1-0

[Event "Ramat Hasharon"]
[Site "Ramat Hasharon"]
[Date "1992.??.??"]
[Round "2"]
[White "Varga, Zoltan"]
[Black "Zifroni, Dov"]
[Result "0-1"]
[WhiteElo "2480"]
[BlackElo "2355"]
[PlyCount "80"]
[EventDate "1992.??.??"]
[Source "www.chesslib.no"]
[SourceDate "2004.05.04"]

1. d4 f5 2. g3 Nf6 3. Bg2 e6 4. Nh3 d5 5. O-O Bd6 6. Nd2 h6 7. Nf4 Bxf4 8. gxf4 O-O 9. c3 c6 10. Nf3 Bd7 11. Ne5 Be8 12. f3 Nbd7 13. Nd3 Kh8 14. Kh1 Rg8 15. Qe1 Rc8 16. Qf2 Nf8 17. Rg1 Rc7 18. Bh3 g6 19. Bd2 Rcg7 20. Qh4 Rh7 21. Qf2 Rhg7 22. Rg3 N8h7 23. Rag1 Nh5 24. R3g2 Qe7 25. e4 dxe4 26. fxe4 N7f6 27. e5 Ne4 28. Qe3 g5 29. fxg5 hxg5 30. c4 Bg6 31. Bb4 Qd8 32. Re2 Rd7 33. Bd6 Rgg7 34. Nc5 Nxc5 35. dxc5 Nf4 36. Bf1 Nxe2 37. Bxe2 f4 38. Qd4 Bf5 39. Bg4 Bxg4 40. Rxg4 Qe8 0-1

[Event "Maikop (Russia)"]
[Site "?"]
[Date "2004.04.??"]
[Round "7"]
[White "Gochelashvili David"]
[Black "Poluljahov Aleksandr"]
[Result "0-1"]
[WhiteElo "2328"]
[BlackElo "2504"]
[PlyCount "132"]
[EventDate "2004.??.??"]
[Source "www.chesslib.no"]
[SourceDate "2004.05.04"]

1. d4 f5 2. g3 Nf6 3. Bg2 e6 4. Nh3 Be7 5. O-O d6 6. c4 c6 7. b3 O-O 8. Bb2 Qc7 9. Nd2 e5 10. e4 Na6 11. dxe5 dxe5 12. Qe2 f4 13. gxf4 exf4 14. e5 Ng4 15. Nf3 Nc5 16. Rfe1 Ne6 17. Rad1 Nh6 18. Nd2 Nc5 19. Kh1 a5 20. Ng1 Bg4 21. Ngf3 Ne6 22. Ne4 Nf5 23. h3 Bh5 24. Kh2 a4 25. Qc2 Nh4 26. Nxh4 Bxh4 27. Rd6 Qf7 28. Rg1 f3 29. Nf6+ Bxf6 30. exf6 fxg2 31. Rxg2 Bg6 32. Qc3 axb3 33. axb3 Qc7 34. c5 Rxf6 35. Qc4 Raf8 36. Bxf6 Rxf6 37. f4 Qf7 38. f5 Bxf5 39. Rgd2 h6 40. Rd7 Qh5 41. Rg2 Qxh3+ 42. Kg1 Qe3+ 43. Kh2 Qf4+ 44. Qxf4 Nxf4 45. Rgxg7+ Kf8 46. Rxb7 Bg6 47. Rgc7 Nd5 48. Rc8+ Be8 49. b4 Re6 50. b5 cxb5 51. Rxb5 Kf7 52. Rbb8 Bc6 53. Rd8 Re2+ 54. Kg3 Ne7 55. Rb6 Rc2 56. Rb4 Rxc5 57. Rf4+ Ke6 58. Rh8 Ke5 59. Rf2 Nf5+ 60. Rxf5+ Kxf5 61. Rxh6 Ke4 62. Rh2 Rc1 63. Re2+ Kd3 64. Re7 Rf1 65. Kg4 Kd4 66. Kg3 Bd5 0-1

[Event "Graz-Z"]
[Site "?"]
[Date "1993.??.??"]
[Round "10"]
[White "Bonsch, U."]
[Black "Wach, M."]
[Result "0-1"]
[WhiteElo "2490"]
[BlackElo "2330"]
[PlyCount "144"]
[EventDate "1993.??.??"]
[Source "www.chesslib.no"]
[SourceDate "2004.05.04"]

1. d4 f5 2. g3 Nf6 3. Bg2 e6 4. Nh3 Be7 5. c4 d6 6. Nc3 O-O 7. O-O c6 8. e4 fxe4 9. Nxe4 e5 10. Nc3 exd4 11. Qxd4 Nbd7 12. Ng5 Nc5 13. b4 Ne6 14. Nxe6 Bxe6 15. Re1 Bf7 16. Bb2 Ne8 17. Ne4 d5 18. cxd5 Qxd5 19. a3 Qxd4 20. Bxd4 Bd5 21. Nc5 Bxc5 22. Bxd5+ cxd5 23. Bxc5 Rf3 24. Bxa7 Nd6 25. Bc5 Ne4 26. Be3 Rc8 27. Rec1 Rc4 28. Rxc4 dxc4 29. a4 Rf5 30. Rc1 c3 31. Kf1 g5 32. g4 Rf3 33. Ke2 Rh3 34. Rh1 Kf7 35. b5 c2 36. a5 Nc3+ 37. Kd2 Nxb5 38. Kxc2 Rh6 39. Kd3 Rc6 40. Rb1 Rd6+ 41. Kc2 Na3+ 42. Kb2 Nxb1 43. Kxb1 Rd5 44. Bb6 Rd1+ 45. Kc2 Rg1 46. h3 Rh1 47. Be3 h6 48. Kd3 Rxh3 49. Ke4 Ke6 50. f4 Kf6 51. Bd4+ Kg6 52. f5+ Kf7 53. Be5 Ra3 54. Bc7 Rc3 55. Bd6 Rc4+ 56. Kf3 Ra4 57. Bc7 Ke7 58. Bb6 Kd6 59. Bd8 Kd5 60. Kg3 Ra3+ 61. Kg2 Ke4 62. Be7 Rd3 63. Bb4 Ke5 64. Be7 Rd7 65. Bf8 Rd8 66. Bg7+ Kf4 67. f6 Rd2+ 68. Kf1 Rd7 69. Bxh6 Kxg4 70. Ke2 Kf5 71. Bg7 Kg6 72. Ke3 Rd5 0-1

[Event "Tashkent Hodzhaev Memorial"]
[Site "Tashkent UZB"]
[Date "1987.??.??"]
[Round "?"]
[White "Graf, Alexander"]
[Black "Ziatdinov, Raset"]
[Result "1-0"]
[WhiteElo "2420"]
[BlackElo "2365"]
[PlyCount "55"]
[EventDate "1987.??.??"]
[Source "www.chesslib.no"]
[SourceDate "2004.05.04"]

1. d4 f5 2. g3 Nf6 3. Bg2 e6 4. Nh3 Be7 5. O-O O-O 6. c4 d5 7. Qc2 c6 8. b3 Bd7 9. Nf4 Kh8 10. Nd2 g5 11. Nd3 Be8 12. Nf3 Ne4 13. Nfe5 Nd7 14. Nxd7 Qxd7 15. f3 Nd6 16. e3 Bg6 17. Ne5 Qe8 18. Bb2 Bf6 19. Rae1 Rd8 20. Rf2 h5 21. e4 Bh7 22. exd5 f4 23. Qd2 Nf5 24. dxe6 Ne3 25. Nd7 Qxe6 26. Nxf8 Rxf8 27. d5 cxd5 28. Qxd5 1-0

[Event "FS IM Nov, Budapest HUN"]
[Site "?"]
[Date "1996.??.??"]
[Round "?"]
[White "Dudas, Jano"]
[Black "Ovetchkin, R."]
[Result "1/2-1/2"]
[WhiteElo "2395"]
[BlackElo "2375"]
[PlyCount "118"]
[EventDate "1996.??.??"]
[Source "www.chesslib.no"]
[SourceDate "2004.05.04"]

1. d4 f5 2. g3 Nf6 3. Bg2 e6 4. Nh3 Be7 5. O-O O-O 6. Nd2 d5 7. c4 c6 8. b3 a5 9. Bb2 a4 10. Nf4 Qa5 11. Rc1 Na6 12. Nd3 Ne4 13. Nxe4 fxe4 14. Ne5 Qb6 15. f3 exf3 16. exf3 Nb4 17. c5 Qb5 18. Ra1 axb3 19. axb3 Rxa1 20. Bxa1 b6 21. cxb6 Qxb6 22. Re1 c5 23. f4 Bf6 24. Kh1 Rd8 25. Qd2 Na6 26. Qe3 c4 27. bxc4 dxc4 28. Nxc4 Qb5 29. Ne5 Bb7 30. Nc6 Rd6 31. d5 Nc7 32. Nd4 Qb6 33. Nxe6 Qxe3 34. Rxe3 Nxd5 35. Re1 Bxa1 36. Nc5 Bc3 37. Nxb7 Bxe1 38. Nxd6 Nf6 39. Bc6 Kf8 40. Kg2 Bb4 41. Nc4 g6 42. Kf3 Kg7 43. g4 Bc3 44. h3 Bd4 45. Ke2 Ba7 46. Kf3 Bd4 47. Nd2 Ba7 48. Nf1 Bc5 49. h4 h6 50. Ng3 Bb4 51. g5 Ng8 52. Kg4 Ne7 53. Be4 Bc3 54. Bb7 Be1 55. Nf1 Nf5 56. Be4 Nxh4 57. gxh6+ Kxh6 58. Ne3 Bf2 59. Nc4 Nf5 1/2-1/2

[Event "6th North Am FIDE Inv"]
[Site "Chicago USA"]
[Date "2007.11.01"]
[Round "6"]
[White "Young, A PHI."]
[Black "Muhammad, St"]
[Result "1-0"]
[WhiteElo "2376"]
[BlackElo "2384"]
[PlyCount "107"]
[EventDate "2007.10.06"]
[Source "www.chesslib.no"]
[SourceDate "2004.05.04"]

1. d4 f5 2. g3 Nf6 3. Bg2 e6 4. Nh3 Be7 5. O-O O-O 6. Nd2 Nc6 7. c3 d6 8. e4 e5 9. dxe5 Nxe5 10. exf5 Bxf5 11. Qb3+ Kh8 12. Qxb7 Qd7 13. Nf4 Rfb8 14. Qa6 g5 15. Bxa8 Rxa8 16. Qb7 Rg8 17. Nd5 Nxd5 18. Qxd5 c6 19. Qh1 g4 20. f4 Nd3 21. Nb3 d5 22. Qg2 Be4 23. Qe2 Re8 24. Be3 c5 25. Rad1 c4 26. Bd4+ Kg8 27. f5 Bxf5 28. Rxd3 Bg5 29. Rxf5 Rxe2 30. Rxg5+ Kf8 31. Rd1 Qe6 32. Rf1+ Ke8 33. Nc5 Qh6 34. Rg8+ Ke7 35. Rg7+ Ke8 36. h4 Qd2 37. Bf2 Qxb2 38. Rxa7 Qxc3 39. Rb1 Re7 40. Ra8+ Kf7 41. Rf1 Kg7 42. Ra6 h6 43. Ne6+ Kh7 44. Nf8+ Kg8 45. Ng6 Rf7 46. Nf4 Qd2 47. Rd6 Rxf4 48. gxf4 Qxf4 49. Rd8+ Kh7 50. Rd7+ Kg6 51. Rxd5 Qe4 52. h5+ Kh7 53. Rd7+ Kg8 54. Bc5 1-0

[Event "Spain ch-20 final"]
[Site "Spain ch-20 final"]
[Date "1995.??.??"]
[Round "9"]
[White "Mercadal Benejam, Josep"]
[Black "Montecatine Rios, Ricardo"]
[Result "1-0"]
[WhiteElo "2350"]
[BlackElo "2405"]
[PlyCount "35"]
[EventDate "1995.??.??"]
[Source "www.chesslib.no"]
[SourceDate "2004.05.04"]

1. d4 f5 2. g3 Nf6 3. Bg2 e6 4. Nh3 Be7 5. O-O O-O 6. c4 d6 7. Nc3 Qe8 8. e4 fxe4 9. Nxe4 Nc6 10. Nf4 e5 11. dxe5 Nxe5 12. Ng5 Qd7 13. Nfe6 Re8 14. Qc2 Bf8 15. f4 Nc6 16. Bd5 Kh8 17. Bd2 h6 18. Rae1 1-0

[Event "Budapest FS07 IM-B"]
[Site "Budapest"]
[Date "1998.??.??"]
[Round "10"]
[White "Dudas, Janos"]
[Black "Boe, Mads"]
[Result "1/2-1/2"]
[WhiteElo "2405"]
[BlackElo "2345"]
[PlyCount "42"]
[EventDate "1998.07.??"]
[Source "www.chesslib.no"]
[SourceDate "2004.05.04"]

1. d4 f5 2. g3 Nf6 3. Bg2 e6 4. Nh3 d5 5. O-O Bd6 6. c4 c6 7. b3 O-O 8. Ba3 Bxa3 9. Nxa3 Qe7 10. Qc1 Bd7 11. Nf4 Be8 12. Qb2 Nbd7 13. Rac1 Bh5 14. Rfe1 Rfe8 15. b4 a6 16. Nd3 Rac8 17. e3 b5 18. cxd5 exd5 19. Nc5 Nxc5 20. dxc5 Nd7 21. f4 a5 1/2-1/2

[Event "Moscow RUS"]
[Site "?"]
[Date "2006.02.10"]
[Round "4"]
[White "Belenov Dmitry N"]
[Black "Tjurin Alexander P"]
[Result "1/2-1/2"]
[WhiteElo "2387"]
[BlackElo "2344"]
[PlyCount "107"]
[EventDate "2006.??.??"]
[Source "www.chesslib.no"]
[SourceDate "2004.05.04"]

1. d4 f5 2. g3 Nf6 3. Bg2 e6 4. Nh3 d5 5. O-O Bd6 6. Bf4 O-O 7. Nd2 c6 8. c4 Be7 9. Qc2 Nh5 10. Nf3 Nd7 11. Bd2 Bd6 12. Nf4 Qe8 13. c5 Bc7 14. Nxh5 Qxh5 15. Bf4 Bxf4 16. gxf4 Rf6 17. h3 Rh6 18. b4 Nf6 19. a4 Bd7 20. Ne5 Rf8 21. Ra3 Qh4 22. Qd2 Be8 23. Rb1 a6 24. Rb2 Ne4 25. Bxe4 fxe4 26. Rg3 Rxf4 27. Rb1 Rhf6 28. Qe3 Rf8 29. Rf1 R4f5 30. a5 Qf4 31. Qxf4 Rxf4 32. e3 R4f5 33. f4 exf3 34. Rgxf3 g5 35. Rxf5 exf5 36. h4 h6 37. hxg5 hxg5 38. Nf3 g4 39. Ne5 Kg7 40. Kg2 Rh8 41. Rxf5 Rh4 42. Rf4 Bh5 43. e4 dxe4 44. Rxe4 Kf6 45. Re3 Bf7 46. Nxf7 Kxf7 47. Re4 Rh3 48. Rxg4 Rb3 49. d5 cxd5 50. Kf2 Kf6 51. Ke2 Ke5 52. Kd2 d4 53. Rg6 Rxb4 54. c6 1/2-1/2

[Event "HUN-chT 0102"]
[Site "?"]
[Date "2001.12.02"]
[Round "4"]
[White "Krutti Valer"]
[Black "Rigo Janos"]
[Result "1-0"]
[WhiteElo "2385"]
[BlackElo "2342"]
[PlyCount "53"]
[EventDate "2001.??.??"]
[Source "www.chesslib.no"]
[SourceDate "2004.05.04"]

1. d4 f5 2. g3 Nf6 3. Bg2 e6 4. Nh3 c5 5. dxc5 Bxc5 6. c4 O-O 7. O-O Nc6 8. Nc3 Ne5 9. b3 Neg4 10. Bb2 a6 11. Na4 Be7 12. c5 Rb8 13. Rc1 d5 14. Nf4 g5 15. Nd3 Bd7 16. Nb6 Bb5 17. h3 Nh6 18. Be5 Nf7 19. Bxb8 Qxb8 20. a4 Bc6 21. Nb4 Re8 22. a5 Qc7 23. Qd4 Bb5 24. Rc2 Rd8 25. Rd1 Ne5 26. Qe3 Nf7 27. Qxe6 1-0

[Event "EU-chT5 corr9498"]
[Site "?"]
[Date "1994.??.??"]
[Round "9.3"]
[White "Gunnarsson, Magnus"]
[Black "Manduch, Milan"]
[Result "1-0"]
[WhiteElo "2305"]
[BlackElo "2420"]
[PlyCount "101"]
[EventDate "1994.??.??"]
[Source "www.chesslib.no"]
[SourceDate "2004.05.04"]

1. d4 f5 2. g3 Nf6 3. Bg2 e6 4. Nh3 d5 5. O-O Bd6 6. Bf4 c6 7. Nd2 O-O 8. c4 Bxf4 9. Nxf4 Qe7 10. Nd3 Nbd7 11. Re1 Ne4 12. Rc1 Kh8 13. e3 Ndf6 14. Ne5 Bd7 15. f4 Be8 16. Nxe4 fxe4 17. Bh3 g6 18. Qb3 Rb8 19. Qa3 Qxa3 20. bxa3 dxc4 21. Rxc4 Bf7 22. Rb1 Bg8 23. Bg2 Rfc8 24. Rc2 Rc7 25. g4 Rbc8 26. Rbc1 b6 27. Kf2 c5 28. Ke2 Kg7 29. g5 Nd5 30. dxc5 Rxc5 31. Rxc5 bxc5 32. Bxe4 Bf7 33. Bd3 Be8 34. Ba6 Rb8 35. Nd3 Rb6 36. Bc4 Nc7 37. Bb3 Bb5 38. Rxc5 Na6 39. Rc8 Rd6 40. Bc4 Bxc4 41. Rxc4 Rb6 42. Nb4 Nxb4 43. axb4 Ra6 44. Rc2 Ra4 45. Kf3 a6 46. Rc7+ Kg8 47. Ra7 Rxb4 48. Rxa6 e5 49. a4 e4+ 50. Kg4 Rb3 51. f5 1-0